| 000 | 00705cam a22002411 4500 | ||
|---|---|---|---|
| 001 | sg 45000301 | ||
| 003 | DLC | ||
| 005 | 20260227112747.0 | ||
| 008 | 750304s1945 xx 000 0 eng | ||
| 010 | _asg 45000301 | ||
| 035 | _a(OCoLC)1199127 | ||
| 040 |
_aDLC _cTxDW _dDLC |
||
| 042 | _apremarc | ||
| 050 | 0 | 0 |
_aRC343 _b.M39 |
| 082 | _a616.85 | ||
| 100 | 1 | _aMathews, Arthur Guy | |
| 245 | 1 | 0 |
_aTake it easy; _bthe art of conquering your nerves, _cby Artur Guy Mathews. With 26 symbolical illustrations by the author. |
| 260 |
_aNew York, _bSheridan house _c[1945] |
||
| 300 |
_a 239 p. _bdiagrs. _c21 cm. |
||
| 650 | 0 | _aNeuroses | |
| 650 | 0 |
_aNervous system _xHygiene |
|
| 650 | 0 | _aMental health. | |
| 999 |
_c90685 _d90685 |
||